| 000 | 01457cam a2200349 4500 | ||
|---|---|---|---|
| 001 | L158598 | ||
| 008 | 030317n2013 000 0 eng u | ||
| 020 | _a9781859465097 | ||
| 035 | _a(Sirsi) u158598 | ||
| 041 | 0 | _aeng | |
| 050 |
_a692.2 _c18 |
||
| 110 |
_aDepartment for Environment, Transport and the Regions _94203 |
||
| 240 | _aApproved Document C | ||
| 240 | _aPart C | ||
| 245 | 4 |
_aThe Building Regulations 2010 _bApproved Document C _bSite preparation and resistance to contaminates and moisture _h[electronic resource] |
|
| 250 | _a2004 Edition incorporating 2010 and 2013 amendments | ||
| 260 |
_aLondon _bDCLG _c2013 |
||
| 505 | _aC1 : site preparation and resistance to contaminants | ||
| 505 | _aC2 : resistance to moisture | ||
| 520 | _aSupersedes the previous 2004 edition by incorporating the changes made as a result of the Building Regulations 2010 and Building (Approved Inspectors etc) Regulations 2010 and the 2013 amendments. | ||
| 650 | _aBUILDING REGULATIONS 2010 | ||
| 650 | _aDIRECTIVE 89/106/EEC | ||
| 650 | _aDRAINAGE | ||
| 650 | _aSITE INVESTIGATION | ||
| 650 | _aSITE PREPARATION | ||
| 650 | _aWATERPROOFING | ||
| 651 | 4 | _aENGLAND AND WALES | |
| 690 |
_aBuilding regulations. _96224 |
||
| 710 | _aUnited Kingdom | ||
| 856 |
_uhttps://www.planningportal.gov.uk/buildingregulations/approveddocuments/partc/documentc#Download _vView the Approved Document on the www.planningportal.gov.uk |
||
| 942 | _n0 | ||
| 999 |
_c115408 _d115408 |
||